Southville International School and Colleges
Your cart is empty.
  • Cart
  • Lists
    Public lists Eva Luna New books Lux_list list_1
    Your lists Log in to create your own lists
  • Log in to your account
  • Your cookies
  • Search history
Southville International School and Colleges
  • Advanced search
  • Recent comments
  • Most popular
  • Libraries

Log in to your account

Log in with GOOGLE


If you do not have an external account, but do have a local account, you can still log in:

  1. Home
  2. MARC view: Jingle bells /
Normal view MARC view ISBD view

Jingle bells / (Record no. 113454)

[ view plain ]
MARC details
000 -LEADER
fixed length control field 00414nam a2200157 a 4500
001 - CONTROL NUMBER
control field 4107
005 - DATE AND TIME OF LATEST TRANSACTION
control field 20140414132020.0
008 - FIXED-LENGTH DATA ELEMENTS--GENERAL INFORMATION
fixed length control field 090126s19uu xx 00 eng d
020 ## - INTERNATIONAL STANDARD BOOK NUMBER
International Standard Book Number 0-439-28721-9
050 ## - LIBRARY OF CONGRESS CALL NUMBER
Classification number TR
Item number J56 2001
100 ## - MAIN ENTRY--PERSONAL NAME
Personal name May, Darcy
245 ## - TITLE STATEMENT
Title Jingle bells /
Statement of responsibility, etc illustrated by Darcy May.
260 ## - PUBLICATION, DISTRIBUTION, ETC. (IMPRINT)
Place of publication, distribution, etc New York :
Name of publisher, distributor, etc Scholastic,
Date of publication, distribution, etc c2001.
300 ## - PHYSICAL DESCRIPTION
Extent 1 v. (unpaged) : col., ill.
Holdings
Withdrawn status Lost status Damaged status Use restrictions Home library Current library Shelving location Date acquired Source of acquisition Cost, normal purchase price Total Checkouts Full call number Barcode Date last seen Price effective from Koha item type
        Munich Library Munich Library Teachers Reference Section 01/26/2009   120.00   TR J56 2001 M5023 04/14/2014 04/14/2014 Books

Jingle bells /

APA

May D., . (2001). Jingle bells. New York: Scholastic.

Chicago

May Darcy, . 2001. Jingle bells. New York: Scholastic.

Harvard

May D., . (2001). Jingle bells. New York: Scholastic.

MLA

May Darcy, . Jingle bells. New York: Scholastic. 2001.

  • Place hold
  • Print
  • Cite
  • Add to your cart (remove)
  • Save record
    BIBTEX Dublin Core MARCXML MARC (non-Unicode/MARC-8) MARC (Unicode/UTF-8) MARC (Unicode/UTF-8, Standard) MODS (XML) RIS
  • More searches
    Search for this title in:
    Other Libraries (WorldCat) Other Databases (Google Scholar) Online Stores (Bookfinder.com) Open Library (openlibrary.org)

Exporting to Dublin Core...

SOUTHVILLE LIBRARY

Southville International School and Colleges Library

1281 Tropical Ave. Cor. Luxembourg St., BF Homes International, Las Pinas City

Tel. No. 8256374 / 252358 Loc. 117/146

Powered by Koha